000 00437nam a2200169 i 4500
001 58445
003 ES-MaACL
005 20230906163818.0
007 t|
008 031022s1903 fr ||||1| fre d
100 1 _aDugas, L.
_9182644
245 1 2 _aL'imagination /
_cpar L. Dugas.
260 _aParis :
_bOctave Doin,
_c1903 (
_eChartres :
_fDurand)
300 _a350 p. ;
_c19 cm.
852 _aES-MaACL
_jF-11363
999 _c58445
_d58445